00575 2200181 4500001002100000005001700021035002400038040001200062082001100074084002100085100001600106245010400122260008000226300002500306650002900331850001200360990002100372YOGYA00000000004290620170512081531.0 0010-081400000042624 aYOPDYOG a303.34 aDEP 303.34 Mug T aMUGINOPUTRO aTatanilai Gotong Royong untuk mengatasi permasalahan Kesejahteraan Sosial Masyarakatc/ Muginoputro aYogyakartabDepsos RI Badan Penelitian dan Pengembangan Sosial BBP3KSc1998 av, 13 hlm.c; 20 cm. aKesejahteraan Masyarakat aYOPDYOG aCB-D.11/1998-244